Proces ustanovovania slovenského právneho poriadku v rokoch 1944 až 1946
Vymedzenie pojmu právny poriadok. Základná norma slovenského právneho poriadku. Protiklady v ustanovení slovenského právneho poriadku. Sporné a polemické otázky. Slovenský a československý právny poriadok.
Gespeichert in:
| 1. Verfasser: | |
|---|---|
| Format: | Buchkapitel |
| Sprache: | Slowakisch |
| Schlagworte: | |
| Tags: |
Keine Tags, Fügen Sie das erste Tag hinzu!
|
MARC
| LEADER | 00000naa a2200000 4500 | ||
|---|---|---|---|
| 001 | r048967 | ||
| 005 | 20230929081212.0 | ||
| 041 | 0 | |a slo | |
| 044 | |a SK | ||
| 245 | 1 | 0 | |a Proces ustanovovania slovenského právneho poriadku v rokoch 1944 až 1946 |c Jozef Beňa |
| 520 | |a Vymedzenie pojmu právny poriadok. Základná norma slovenského právneho poriadku. Protiklady v ustanovení slovenského právneho poriadku. Sporné a polemické otázky. Slovenský a československý právny poriadok. | ||
| 610 | 2 | 0 | |a poriadok právny |
| 610 | 2 | 0 | |a pojmy |
| 610 | 2 | 0 | |a štát |
| 610 | 2 | 0 | |a normy právne |
| 610 | 2 | 0 | |a reformy |
| 610 | 2 | 0 | |a Slovensko |
| 100 | 1 | |a Beňa, Jozef | |